Normal view MARC view
  • Izquierdo Raudón, José Joaquín,

Entry Nombre Personal

Number of records used in: 2

001 - NUMERO DE CONTROL

  • campo de control: 41201

003 - IDENTIFICADOR DE NUMERO DE CONTROL

  • campo de control: UPN

005 - FECHA Y HORA DE LA ÜLTIMA TRANSACCIÓN

  • campo de control: 20210219194605.0

008 - DATOS DE LONGITUD FIJA

  • campo de control de longitud fija: nabaccnnaabn|||||||||| b |nc|||||d

035 ## - NUMERO DE CONTROL

  • Número de control: UPN11000013308

040 ## - FUENTE DE CATALOGACIÓN

  • Lenguaje de catalogación: SPA
  • Agencia de transcripción: UPN

100 1# - ENCABEZAMIENTO - NOMBRE PERSONAL

  • Nombre personal: Izquierdo Raudón, José Joaquín,
  • Fechas asociadas con el nombre: 1893-1974

400 1# - VEÁSE - NOMBRE DE PERSONA

  • Personal name: Izquierdo, José Joaquín,
  • Dates associated with a name: 1893-1974

670 ## - FUENTE EN LA QUE SE LOCALIZARON DATOS

  • Cita de la fuente: T
  • Información localizada: Wikipedia

680 ## - NOTA PUBLICA DE ACCESO PÚBLICO

  • Frase explicativa de la referencia: Médico, historiador, investigador, catedrático y académico mexicano

902 ## - CATALOGADOR

  • Catalogador: CAA/130318